000 00827cam a2200241 a 4500
001 15202671
005 20250317161358.0
008 080303s2008 miua b 000 0 eng
020 _a9780310272366 (hardcover, jacketed)
020 _a031027236X (hardcover, jacketed)
020 _a9780310282594 (softcover)
020 _a0310282594 (softcover)
050 0 0 _aBV4597.53.L43
_bH93 2008
082 0 0 _a253
_222
100 1 _aHybels, Bill.
245 1 0 _aAx-i-om (ak-see-uhm) :
_bpowerful leadership proverbs /
_cBill Hybels.
260 _aGrand Rapids, Mich. :
_bZondervan,
_cc2008.
300 _a219 p. :
_bill. ;
_c23 cm.
650 0 _aLeadership
_xReligious aspects
_xChristianity.
650 0 _aLeadership.
856 4 1 _3Table of contents only
_uhttp://www.loc.gov/catdir/toc/ecip0813/2008009574.html
942 _2lcc
_cBK
_n0
999 _c4885
_d4885